<?xml version="1.0" encoding="UTF-8"?><?xml-stylesheet type="text/xsl" href="static/style.xsl"?><OAI-PMH xmlns="http://www.openarchives.org/OAI/2.0/" xmlns:xsi="http://www.w3.org/2001/XMLSchema-instance" xsi:schemaLocation="http://www.openarchives.org/OAI/2.0/ http://www.openarchives.org/OAI/2.0/OAI-PMH.xsd"><responseDate>2026-04-14T13:27:34Z</responseDate><request verb="GetRecord" identifier="oai:uvadoc.uva.es:10324/76994" metadataPrefix="marc">https://uvadoc.uva.es/oai/request</request><GetRecord><record><header><identifier>oai:uvadoc.uva.es:10324/76994</identifier><datestamp>2025-07-30T19:02:48Z</datestamp><setSpec>com_10324_38</setSpec><setSpec>col_10324_852</setSpec></header><metadata><record xmlns="http://www.loc.gov/MARC21/slim" xmlns:doc="http://www.lyncode.com/xoai" xmlns:xsi="http://www.w3.org/2001/XMLSchema-instance" xmlns:dcterms="http://purl.org/dc/terms/" xsi:schemaLocation="http://www.loc.gov/MARC21/slim http://www.loc.gov/standards/marcxml/schema/MARC21slim.xsd">
<leader>00925njm 22002777a 4500</leader>
<datafield tag="042" ind1=" " ind2=" ">
<subfield code="a">dc</subfield>
</datafield>
<datafield tag="720" ind1=" " ind2=" ">
<subfield code="a">Valderrey Sanz, Ainhoa</subfield>
<subfield code="e">author</subfield>
</datafield>
<datafield tag="260" ind1=" " ind2=" ">
<subfield code="c">2025</subfield>
</datafield>
<datafield tag="520" ind1=" " ind2=" ">
<subfield code="a">El presente Trabajo de Fin de Grado se centra en el valor del juego libre con materiales no estructurados como herramienta de aprendizaje en Educación Infantil. A través de una intervención basada en la experimentación, la creatividad y la reutilización de materiales, se busca favorecer el desarrollo integral de los niños y las niñas, haciendo hincapié en la autonomía, la expresión y la conciencia medioambiental. El trabajo aboga por una mirada más respetuosa hacia la infancia, entendiendo el juego como una manera de conocer y comprender el mundo que le rodea. Además, reflexiona sobre el papel del docente como creador de espacios estimulantes, libres y motivadores que favorezcan el potencial creativo del alumnado. La propuesta se desarrolla en un aula de 5 años y se evalúa mediante la observación, considerando la evolución del alumnado y la práctica docente.</subfield>
</datafield>
<datafield tag="024" ind2=" " ind1="8">
<subfield code="a">https://uvadoc.uva.es/handle/10324/76994</subfield>
</datafield>
<datafield tag="245" ind1="0" ind2="0">
<subfield code="a">Arte y juego con material no estructurado</subfield>
</datafield>
</record></metadata></record></GetRecord></OAI-PMH>